| 000 | 01413nam a2200361 i 4500 | ||
|---|---|---|---|
| 001 | 184870 | ||
| 003 | SpMaBN | ||
| 005 | 20240224135225.0 | ||
| 008 | 160210s2015 sp |||| | spa d | ||
| 020 | _a978-84-16268-60-3 | ||
| 080 | _a343.222:347.19(460) | ||
| 080 | _a347.51(460):347.19 | ||
| 245 | 0 | 0 |
_aMemento experto. _pResponsabilidad penal y procesal de las personas jurídicas / _c[dirección, Ángel Juanes Peces ; coordinación, Elena Díez Rodríguez ; autores, Emilio Cortés Bechiarelli ... et al.]. |
| 246 | 3 | 0 | _aResponsabilidad penal y procesal de las personas jurídicas |
| 250 | _aAct. a 1 de sept. de 2015. | ||
| 260 |
_aMadrid : _bFrancis Lefebvre, _c2015. |
||
| 300 |
_a360 p. ; _c24 cm. |
||
| 490 | 1 | _aMemento experto | |
| 500 | _aÍndices. | ||
| 504 | _aReferencias bibliográficas. | ||
| 596 | _aEn contracub.: Lefebvre. El Derecho. | ||
| 650 | 0 | 7 |
_aResponsabilidad penal. _916869 |
| 650 | 0 | 7 |
_aResponsabilidad civil- _zEspaña. _916867 |
| 700 | 1 |
_aJuanes Peces, Ángel. _9158732 |
|
| 700 | 1 |
_aDíez Rodríguez, Elena _c, abogado. _9158738 |
|
| 700 | 1 |
_aCortés Bechiarelli, Emilio. _9158733 |
|
| 710 | 2 |
_aEdiciones Francis Lefebvre. _9158696 |
|
| 710 | 2 |
_aEl Derecho (Editorial) _9158682 |
|
| 830 | 0 |
_aMemento experto _9192246 |
|
| 852 |
_aES-MaACL _jA-15194 _9191885 _bR.1651088 _cDEPO1 _dOlim L 347.51 mem _dOlim: Meseton |
||
| 942 | _2udc | ||
| 999 |
_c184870 _d184870 |
||